000 005720000a22001810004500
001 768714001
003 CO-MdFUSB
005 20170614154600.0
008 170614s1983 mx ||||| |||| 00| 0 s d
022 _a0122-2996
040 _aCO-MdFUSB
_bspa
_cCO-MdFUSB
_dCO-MdFUSB
041 _aspa
100 1 _aDeiros, Pablo A. (Alberto) (1945-)
_eautor
245 1 0 _aLa doctrina del Espíritu Santo
300 _aVolumen 12 (1983), Páginas iii - xvi
_c28 cm.
773 0 _tBoletín Teológico
_049507
_961433
_gVolumen 12 (1983), Páginas iii - xvi
_qPágina iii
942 _cANA
999 _c59547
_d59547